000 00731nam a2200253Ia 4500
003 OSt
005 20221005082220.0
006 a|||||r|||| 00| 0
007 ta
008 221004b |||||||| |||| 00| 0 eng d
024 _a57447
037 _cTextual
040 _aCRL
_cCRL
_beng
041 _2eng
_aeng
082 _aV2:191N4,(zT).N62<-N54, N4
100 _aReddy E S Ed.
245 0 _aKrishna Menon on disarmament
_b Speeches at the United Nations.
260 _aNew Delhi
_bSanchar
_c1994
300 _a314p.
_ccm.
650 _aHISTORY
700 _a Damodaran A K Ed.
942 _hV2:191N4,(zT).N62<-N54, N4
_cTEXL
_2cc
999 _c988911
_d988911